Rèn tâm luyện trí : Vũng tâm - Bền chí - Thành công lâu dài

Gồm nhiều câu chuyện bổ ích theo triết lí Khổng Tử giúp bạn rèn luyện tâm trí, hiểu biết bản thân, vượt qua những khó khăn, nghịch cảnh chiến thắng bản thân, gặt hái thành công

Saved in:
Bibliographic Details
Main Author: Ngô, Cam Lâm
Format: Book
Language:Undetermined
Published: Thanh Hóa Nxb. Thanh Hóa 2019
Subjects:
Tags: Add Tag
No Tags, Be the first to tag this record!
Institutions: Trung tâm Học liệu Trường Đại học Cần Thơ
LEADER 00924nam a2200217Ia 4500
001 CTU_238643
008 210402s9999 xx 000 0 und d
020 |c 83000 
082 |a 181.112 
082 |b L120 
100 |a Ngô, Cam Lâm 
245 0 |a Rèn tâm luyện trí : 
245 0 |b Vũng tâm - Bền chí - Thành công lâu dài 
245 0 |c Ngô Cam Lâm ; Văn Lâm (dịch) 
260 |a Thanh Hóa 
260 |b Nxb. Thanh Hóa 
260 |c 2019 
520 |a Gồm nhiều câu chuyện bổ ích theo triết lí Khổng Tử giúp bạn rèn luyện tâm trí, hiểu biết bản thân, vượt qua những khó khăn, nghịch cảnh chiến thắng bản thân, gặt hái thành công 
650 |a Triết học Trung Quốc,Philosophy, Chinese 
910 |b nthai 
980 |a Trung tâm Học liệu Trường Đại học Cần Thơ